000 01071nam a2200217Ia 4500
003 Ost
005 20260507075742.0
008 260507s9999||||xx |||||||||||||| ||und||
020 _a8034279953
040 _cfsecg
041 _aara
082 _a330
100 _aمنذر، محمد
_eمؤلف
245 0 _aمبادئ في العلاقات الدولية من النظريات الى العولمة /
_c محمد منذر
260 _aبيروت:
_bمجد المؤسسة الجامعية للدراسات للنشر والتوزيع,
_c2002
300 _a328 صفحة؛
_bإيضاحات ؛
_c24 سم
520 _aتطور دراسة العلاقات الدولية- نظرية العلاقات الدولية- مبدأتوازن القوى الدولية- مبدأ الأسس الجماعي- نظام الثنائية القطبية- الحرب الباردة- مبدأ التعايش السلعي- تطور العلاقات في ظل التعايش السلعي
653 _aالعلاقات الدولية
653 _aالعولمة
942 _cكتاب
999 _c46160
_d46160